000 00382nam a2200157Ia 4500
008 210719s1908 xx 000 0 und d
041 _aeng
082 _a822.33L SHAP
100 _aSHAKESPEARE (William)
245 _aPlays and poems. Vol 3.
260 _aLondon
_bCassell and Company Ltd
_c1908
300 _a730
_bHB
365 _cRs
440 _v3
650 _aEnglish Drama
999 _c214189
_d214189